<?xml version="1.0" encoding="UTF-8"?>
<record
    xmlns:xsi="http://www.w3.org/2001/XMLSchema-instance"
    xsi:schemaLocation="http://www.loc.gov/MARC21/slim http://www.loc.gov/standards/marcxml/schema/MARC21slim.xsd"
    xmlns="http://www.loc.gov/MARC21/slim">

  <leader>04423namaa22004451i 4500</leader>
  <controlfield tag="003">EG-GICUC</controlfield>
  <controlfield tag="005">20260412104822.0</controlfield>
  <controlfield tag="008">260315s2025    ua a|||frm||| 000 0 eng d</controlfield>
  <datafield tag="040" ind1=" " ind2=" ">
    <subfield code="a">EG-GICUC</subfield>
    <subfield code="b">eng</subfield>
    <subfield code="c">EG-GICUC</subfield>
    <subfield code="d">EG-GICUC</subfield>
    <subfield code="e">rda</subfield>
  </datafield>
  <datafield tag="041" ind1="0" ind2=" ">
    <subfield code="a">eng</subfield>
    <subfield code="b">eng</subfield>
    <subfield code="b">ara</subfield>
  </datafield>
  <datafield tag="049" ind1=" " ind2=" ">
    <subfield code="a">Deposit</subfield>
  </datafield>
  <datafield tag="082" ind1="0" ind2="4">
    <subfield code="a">635 </subfield>
  </datafield>
  <datafield tag="092" ind1=" " ind2=" ">
    <subfield code="a">635 </subfield>
    <subfield code="2">21</subfield>
  </datafield>
  <datafield tag="097" ind1=" " ind2=" ">
    <subfield code="a">M.Sc</subfield>
  </datafield>
  <datafield tag="099" ind1=" " ind2=" ">
    <subfield code="a">Cai01.07.14.M.Sc.2025.Mo.I</subfield>
  </datafield>
  <datafield tag="100" ind1="0" ind2=" ">
    <subfield code="a">Mohamed Abd-ekkarim Adly,</subfield>
    <subfield code="e">preparation.</subfield>
  </datafield>
  <datafield tag="245" ind1="1" ind2="0">
    <subfield code="a">Improving of growth, yield and quality of sweet pepper  through application of biochar and compost mixture for increasing exports /</subfield>
    <subfield code="c">by Mohamed Abd-ekkarim Adly ; Supervisors Dr. Mohamed Mohamed Shahein, Dr. Hassan Ali  Hassan, Dr. Sayed Osman Mahmoud. </subfield>
  </datafield>
  <datafield tag="246" ind1="1" ind2="5">
    <subfield code="a">&#x62A;&#x62D;&#x633;&#x64A;&#x646; &#x646;&#x645;&#x648; &#x648;&#x627;&#x646;&#x62A;&#x627;&#x62C; &#x648;&#x62C;&#x648;&#x62F;&#x629; &#x627;&#x644;&#x641;&#x644;&#x641;&#x644; &#x627;&#x644;&#x62D;&#x644;&#x648; &#x645;&#x646; &#x62E;&#x644;&#x627;&#x644; &#x627;&#x636;&#x627;&#x641;&#x629; &#x627;&#x644;&#x628;&#x64A;&#x648;&#x634;&#x627;&#x631; &#x648;&#x645;&#x62E;&#x644;&#x648;&#x637; &#x627;&#x644;&#x643;&#x645;&#x628;&#x648;&#x633;&#x62A; &#x644;&#x632;&#x64A;&#x627;&#x62F;&#x629; &#x627;&#x644;&#x635;&#x627;&#x62F;&#x631;&#x627;&#x62A;</subfield>
  </datafield>
  <datafield tag="264" ind1=" " ind2="0">
    <subfield code="c">2025.</subfield>
  </datafield>
  <datafield tag="300" ind1=" " ind2=" ">
    <subfield code="a">95 pages : </subfield>
    <subfield code="b">illustrations ;</subfield>
    <subfield code="c">25 cm. + </subfield>
    <subfield code="e">CD.</subfield>
  </datafield>
  <datafield tag="336" ind1=" " ind2=" ">
    <subfield code="a">text</subfield>
    <subfield code="2">rda content</subfield>
  </datafield>
  <datafield tag="337" ind1=" " ind2=" ">
    <subfield code="a">Unmediated</subfield>
    <subfield code="2">rdamedia</subfield>
  </datafield>
  <datafield tag="338" ind1=" " ind2=" ">
    <subfield code="a">volume</subfield>
    <subfield code="2">rdacarrier</subfield>
  </datafield>
  <datafield tag="502" ind1=" " ind2=" ">
    <subfield code="a">Thesis (M.Sc)-Cairo University, 2025.</subfield>
  </datafield>
  <datafield tag="504" ind1=" " ind2=" ">
    <subfield code="a">Bibliography: pages 80-95.</subfield>
  </datafield>
  <datafield tag="520" ind1=" " ind2="3">
    <subfield code="a">This study investigated the effects of vermicompost, biochar, and 
compost on the growth, yield, and fruit quality of Sweet pepper plants under 
greenhouse conditions during two consecutive seasons. The treatments were as 
follows: T1 (100% vermicompost), T2 (75% vermicompost + 25% biochar), 
T3 (50% vermicompost + 50% biochar), T4 (50% biochar + 50% compost), T5 
(75% compost + 25% biochar), and T6 (100% compost as control), Each 
treatment was arranged in three replicates. Results showed that vermicompost, 
either alone or integrated with biochar, significantly improved vegetative 
growth parameters (plant height, leaf area, and number of leaves). Moreover 
vermicompost treatments markedly increased fruit yield and improved fruit 
quality by elevating antioxidant compounds (total phenols, &#x3B2;-carotenoids, and 
ascorbic acid), while reducing nitrate accumulation in fruits. Although compost 
with biochar also produced positive effects, vermicompost-based treatments 
consistently outperformed all other treatments. These findings highlight 
the potential of vermicompost and biochar as sustainable and efficient organic 
amendments for sweet pepper production. By improving plant growth, boosting 
yield, and enriching fruit quality, these organic amendments provide 
 promising alternatives to synthetic fertilizers, thereby supporting sustainable, 
environmentally friendly, and resource-efficient agriculture. </subfield>
  </datafield>
  <datafield tag="520" ind1=" " ind2="3">
    <subfield code="a">&#x623;&#x64F;&#x62C;&#x631;&#x64A;&#x62A; &#x627;&#x644;&#x62F;&#x631;&#x627;&#x633;&#x629; &#x644;&#x62A;&#x642;&#x64A;&#x64A;&#x645; &#x62A;&#x623;&#x62B;&#x64A;&#x631; &#x627;&#x644;&#x641;&#x64A;&#x631;&#x645;&#x64A; &#x643;&#x645;&#x628;&#x648;&#x633;&#x62A; &#x648;&#x627;&#x644;&#x628;&#x64A;&#x648;&#x634;&#x627;&#x631; &#x648;&#x627;&#x644;&#x643;&#x645;&#x628;&#x648;&#x633;&#x62A;&#x60C; &#x633;&#x648;&#x627;&#x621; &#x645;&#x646;&#x641;&#x631;&#x62F;&#x629; &#x623;&#x648; &#x641;&#x64A; &#x62E;&#x644;&#x637;&#x627;&#x62A; &#x645;&#x62E;&#x62A;&#x644;&#x641;&#x629;&#x60C; &#x639;&#x644;&#x649; &#x646;&#x645;&#x648; &#x648;&#x625;&#x646;&#x62A;&#x627;&#x62C;&#x64A;&#x629; &#x648;&#x62C;&#x648;&#x62F;&#x629; &#x627;&#x644;&#x641;&#x644;&#x641;&#x644; &#x62E;&#x644;&#x627;&#x644; &#x645;&#x648;&#x633;&#x645;&#x64A;&#x646; &#x628;&#x627;&#x644;&#x635;&#x648;&#x628;. &#x623;&#x638;&#x647;&#x631;&#x62A; &#x627;&#x644;&#x646;&#x62A;&#x627;&#x626;&#x62C; &#x623;&#x646; &#x627;&#x644;&#x641;&#x64A;&#x631;&#x645;&#x64A; &#x643;&#x645;&#x628;&#x648;&#x633;&#x62A; &#x645;&#x646;&#x641;&#x631;&#x62F;&#x64B;&#x627; &#x623;&#x648; &#x645;&#x639; &#x627;&#x644;&#x628;&#x64A;&#x648;&#x634;&#x627;&#x631; &#x643;&#x627;&#x646; &#x627;&#x644;&#x623;&#x643;&#x62B;&#x631; &#x641;&#x627;&#x639;&#x644;&#x64A;&#x629;&#x60C; &#x62D;&#x64A;&#x62B; &#x62D;&#x633;&#x651;&#x646; &#x627;&#x644;&#x646;&#x645;&#x648; &#x627;&#x644;&#x62E;&#x636;&#x631;&#x64A; &#x648;&#x631;&#x641;&#x639; &#x627;&#x644;&#x645;&#x62D;&#x635;&#x648;&#x644; &#x627;&#x644;&#x643;&#x644;&#x64A; &#x648;&#x645;&#x643;&#x648;&#x646;&#x627;&#x62A;&#x647;&#x60C; &#x648;&#x632;&#x627;&#x62F; &#x645;&#x62D;&#x62A;&#x648;&#x649; &#x627;&#x644;&#x641;&#x64A;&#x646;&#x648;&#x644;&#x627;&#x62A; &#x648;&#x627;&#x644;&#x628;&#x64A;&#x62A;&#x627;-&#x643;&#x627;&#x631;&#x648;&#x62A;&#x64A;&#x646; &#x648;&#x62D;&#x645;&#x636; &#x627;&#x644;&#x623;&#x633;&#x643;&#x648;&#x631;&#x628;&#x64A;&#x643; &#x648;&#x627;&#x644;&#x645;&#x648;&#x627;&#x62F; &#x627;&#x644;&#x635;&#x644;&#x628;&#x629; &#x627;&#x644;&#x630;&#x627;&#x626;&#x628;&#x629; &#x645;&#x639; &#x62E;&#x641;&#x636; &#x627;&#x644;&#x646;&#x62A;&#x631;&#x627;&#x62A; &#x644;&#x645;&#x633;&#x62A;&#x648;&#x64A;&#x627;&#x62A; &#x622;&#x645;&#x646;&#x629;. &#x643;&#x645;&#x627; &#x623;&#x648;&#x636;&#x62D;&#x62A; &#x627;&#x644;&#x646;&#x62A;&#x627;&#x626;&#x62C; &#x623;&#x646; &#x645;&#x639;&#x627;&#x645;&#x644;&#x627;&#x62A; &#x627;&#x644;&#x641;&#x64A;&#x631;&#x645;&#x64A; &#x643;&#x645;&#x628;&#x648;&#x633;&#x62A; &#x62A;&#x641;&#x648;&#x642;&#x62A; &#x628;&#x648;&#x636;&#x648;&#x62D; &#x639;&#x644;&#x649; &#x628;&#x627;&#x642;&#x64A; &#x627;&#x644;&#x645;&#x639;&#x627;&#x645;&#x644;&#x627;&#x62A; &#x641;&#x64A; &#x62C;&#x645;&#x64A;&#x639; &#x627;&#x644;&#x635;&#x641;&#x627;&#x62A; &#x627;&#x644;&#x645;&#x62F;&#x631;&#x648;&#x633;&#x629;. &#x648;&#x62A;&#x624;&#x643;&#x62F; &#x647;&#x630;&#x647; &#x627;&#x644;&#x646;&#x62A;&#x627;&#x626;&#x62C; &#x623;&#x646; &#x627;&#x644;&#x641;&#x64A;&#x631;&#x645;&#x64A; &#x643;&#x645;&#x628;&#x648;&#x633;&#x62A; &#x64A;&#x645;&#x62B;&#x644; &#x646;&#x647;&#x62C;&#x64B;&#x627; &#x632;&#x631;&#x627;&#x639;&#x64A;&#x64B;&#x627; &#x645;&#x633;&#x62A;&#x62F;&#x627;&#x645;&#x64B;&#x627; &#x648;&#x64A;&#x62F;&#x639;&#x645; &#x62A;&#x62D;&#x633;&#x64A;&#x646; &#x627;&#x644;&#x646;&#x645;&#x648; &#x648;&#x627;&#x644;&#x625;&#x646;&#x62A;&#x627;&#x62C;&#x64A;&#x629; &#x648;&#x627;&#x644;&#x62C;&#x648;&#x62F;&#x629;. </subfield>
  </datafield>
  <datafield tag="530" ind1=" " ind2=" ">
    <subfield code="a">Issues also as CD.</subfield>
  </datafield>
  <datafield tag="546" ind1=" " ind2=" ">
    <subfield code="a">Text in English and abstract in Arabic &amp; English.</subfield>
  </datafield>
  <datafield tag="650" ind1=" " ind2="0">
    <subfield code="a">Vegetable Crops </subfield>
  </datafield>
  <datafield tag="650" ind1=" " ind2="0">
    <subfield code="a">&#x62E;&#x636;&#x631;</subfield>
  </datafield>
  <datafield tag="653" ind1=" " ind2="1">
    <subfield code="a">Vermicompost</subfield>
    <subfield code="a">Biochar</subfield>
    <subfield code="a">Sweet pepper</subfield>
    <subfield code="a">Compost</subfield>
    <subfield code="a">Growth</subfield>
    <subfield code="a">Yield</subfield>
    <subfield code="a">Fruit quality</subfield>
    <subfield code="a">nitrate</subfield>
  </datafield>
  <datafield tag="700" ind1="0" ind2=" ">
    <subfield code="a">Mohamed Mohamed Shahein</subfield>
    <subfield code="e">thesis advisor.</subfield>
  </datafield>
  <datafield tag="700" ind1="0" ind2=" ">
    <subfield code="a">Hassan Ali  Hassan</subfield>
    <subfield code="e">thesis advisor.</subfield>
  </datafield>
  <datafield tag="700" ind1="0" ind2=" ">
    <subfield code="a">Sayed Osman Mahmoud</subfield>
    <subfield code="e">thesis advisor.</subfield>
  </datafield>
  <datafield tag="900" ind1=" " ind2=" ">
    <subfield code="b">01-01-2025</subfield>
    <subfield code="c">Mohamed Mohamed Shahein</subfield>
    <subfield code="c">Hassan Ali  Hassan</subfield>
    <subfield code="c">Sayed Osman Mahmoud</subfield>
    <subfield code="U">Cairo University</subfield>
    <subfield code="F">Faculty of Agriculture</subfield>
    <subfield code="D">Department of Vegetable Crops</subfield>
  </datafield>
  <datafield tag="905" ind1=" " ind2=" ">
    <subfield code="a">Shimaa</subfield>
    <subfield code="e">Eman Ghareb</subfield>
  </datafield>
  <datafield tag="942" ind1=" " ind2=" ">
    <subfield code="2">ddc</subfield>
    <subfield code="c">TH</subfield>
    <subfield code="e">21</subfield>
    <subfield code="n">0</subfield>
  </datafield>
  <datafield tag="999" ind1=" " ind2=" ">
    <subfield code="c">179056</subfield>
  </datafield>
  <datafield tag="952" ind1=" " ind2=" ">
    <subfield code="2">ddc</subfield>
    <subfield code="9">315772</subfield>
    <subfield code="a">CUCL</subfield>
    <subfield code="b">cl210</subfield>
    <subfield code="d">2026-03-15</subfield>
    <subfield code="i">93591</subfield>
    <subfield code="o">Cai01.07.14.M.Sc.2025.Mo.I</subfield>
    <subfield code="p">01010110093591000</subfield>
    <subfield code="r">2026-03-15 20:34:29</subfield>
    <subfield code="w">2026-03-15</subfield>
    <subfield code="y">TH</subfield>
  </datafield>
</record>
